书目信息 |
| 题名: |
大数据时代政府投资建设项目决策方法
|
|
| 作者: | 许浒, , 乌云娜 著 | |
| 分册: | ||
| 出版信息: | 北京 中国电力出版社 2018.12 |
|
| 页数: | 213页 | |
| 开本: | 26cm | |
| 丛书名: | ||
| 单 册: | ||
| 中图分类: | F284-39 | |
| 科图分类: | ||
| 主题词: | 数据处理--shu ju chu li--应用--政府投资--基本建设项目--项目管理--研究 | |
| 电子资源: | ||
| ISBN: | 978-7-5198-2535-5 | |
| 000 | 01382nam0 2200289 450 | |
| 001 | 202019133202 | |
| 005 | 20190921113344.0 | |
| 010 | @a978-7-5198-2535-5@dCNY58.00 | |
| 100 | @a20190916d2018 em y0chiy50 ea | |
| 101 | 0 | @achi |
| 102 | @aCN@b110000 | |
| 105 | @aak a 000yy | |
| 106 | @ar | |
| 200 | 1 | @a大数据时代政府投资建设项目决策方法@Ada shu ju shi dai zheng fu tou zi jian she xiang mu jue ce fang fa@d= Decision model for government investment construction project under big data era@f许浒, 乌云娜著@zeng |
| 210 | @a北京@c中国电力出版社@d2018.12 | |
| 215 | @a213页@c图@d26cm | |
| 300 | @a国家自然科学基金 (71271085) 资助 | |
| 314 | @a许浒, 现就职于国家开发银行。 | |
| 320 | @a有书目 (第207-213页) | |
| 330 | @a本书对当前的大数据采集、储存、处理、决策支持技术的发展现状进行了系统的梳理, 厘清了大数据技术的技术边界。在可以实现的大数据技术范围内, 全书深入分析了大数据时代政府投资建设项目的决策情境, 进一步提出了全新的大数据环境下的政府投资建设项目决策机制, 并建立了在全新的决策环境和机制下的决策模型。 | |
| 510 | 1 | @aDecision model for government investment construction project under big data era@zeng |
| 606 | 0 | @a数据处理@Ashu ju chu li@x应用@x政府投资@x基本建设项目@x项目管理@x研究 |
| 690 | @aF284-39@v5 | |
| 701 | 0 | @a许浒,@Axu hu@f1990-@4著 |
| 701 | 0 | @a乌云娜@Awu yun na@4著 |
| 801 | 0 | @aCN@c20190905 |
| 905 | @a河南城建学院图书馆@dF284-39@eX868 | |
| 大数据时代政府投资建设项目决策方法= Decision model for government investment construction project under big data era/许浒, 乌云娜著.-北京:中国电力出版社,2018.12 |
| 213页:图;26cm |
| 国家自然科学基金 (71271085) 资助 |
| ISBN 978-7-5198-2535-5:CNY58.00 |
| 本书对当前的大数据采集、储存、处理、决策支持技术的发展现状进行了系统的梳理, 厘清了大数据技术的技术边界。在可以实现的大数据技术范围内, 全书深入分析了大数据时代政府投资建设项目的决策情境, 进一步提出了全新的大数据环境下的政府投资建设项目决策机制, 并建立了在全新的决策环境和机制下的决策模型。 |
| ● |
| 相关链接 |
|
|
|
正题名:大数据时代政府投资建设项目决策方法
索取号:F284-39/X868
 
预约/预借
| 序号 | 登录号 | 条形码 | 馆藏地/架位号 | 状态 | 备注 |
| 1 | 1440180 | 214401805 | 社科库409/409社科库 103排2列4层/ [索取号:F284-39/X868] | 在馆 | |
| 2 | 1440181 | 214401814 | 社科库409/409社科库 103排2列4层/ [索取号:F284-39/X868] | 在馆 |